Find the Premier League Logo Quiz Stats

 Plays Quiz Updated Jun 14, 2018

Challenge
Share
Tweet
Score 0/20 Timer 04:00
47 Plays Today
% Correct
Manchester United
92.6%
Arsenal
92.2%
Chelsea
91.9%
Liverpool
91.6%
Tottenham Hotspur
90.3%
Fulham
90.3%
Newcastle United
88.8%
Everton
88.4%
Leicester City
87.8%
West Ham United
87.6%
% Correct
Crystal Palace
86.6%
Manchester City
85.8%
Watford
85.8%
Wolverhampton
Wanderers
84.4%
Bournemouth
83%
Cardiff City
82.9%
Southampton
82.3%
Huddersfield Town
81.5%
Brighton & Hove Albion
81.3%
Burnley
77.5%

You're not logged in!

Compare scores with friends on all Sporcle quizzes.
OR
Log In

You Might Also Like...

Show Comments

Extras

Top Quizzes Today


Score Distribution

Your Account Isn't Verified!

In order to create a playlist on Sporcle, you need to verify the email address you used during registration. Go to your Sporcle Settings to finish the process.

Report this User

Report this user for behavior that violates our Community Guidelines.

Details: